000 00439nam a2200181 a 4500
001 18975
005 20180713212343.0
008 140415s1944 ag 000 0 spa d
041 _aspa
082 _a863
_bCAM
100 1 _aCAMBA, JULIO
245 1 3 _aLA CIUDAD AUTOMATICA
250 _a2a ed.
260 _aARGENTINA :
_bESPASA-CALPE,
_c1944
300 _a150
490 _aAUSTRAL
_v269
650 1 4 _aNOVELA ESPAOLA
999 _c18975
_d18975